00799cam a22002411 4500001001300000003000400013005001700017008004100034010001700075035001900092040005700111042001200168043001200180050002200192110004100214245004100255260006100296300005600357490005800413500001700471650005200488999001700540e 22000383 DLC20260227111213.0800116s1922 nyua s001 0 eng c ae 22000383  a(OCoLC)5878256 aLibrary, U.S. Bur. of EducationcNGenoUdNGenoUdDLC apremarc an-us-ny00aLA338.L5bA5 19222 aUniversity of the State of New York.10aSurvey of Livingston County schools. aAlbany,bThe University of the State of New York,c1922. a143 p. incl. illus., plans, tables, diagrs.c23 cm.0 aUniversity of the State of New York bulletinvno. 738 aCover title. 0aEducationzNew York (State)zLivingston County. c20539d20539